[Event "GER-chT U18 Girls"]
[Site "Karlsruhe"]
[Date "2015.05.09"]
[Round "5.4"]
[White "Morsch, Rebecca"]
[Black "Zhuk, Margarita"]
[Result "0-1"]
[WhiteElo "800"]
[BlackElo "800"]
[PlyCount "68"]
[EventDate "2015.05.07"]
[EventType "team-swiss"]
[EventRounds "7"]
[EventCountry "GER"]
[SourceTitle "EXT 2017"]
[Source "ChessBase"]
[SourceDate "2016.10.25"]
[SourceVersion "1"]
[SourceVersionDate "2016.10.25"]
[SourceQuality "1"]
[WhiteTeam "Altenholz Gymn (W)"]
[BlackTeam "Humboldt Gymn (W)"]
[WhiteTeamCountry "GER"]
[BlackTeamCountry "GER"]

1. e4 e5 2. Nf3 Nf6 3. Nc3 Bb4 4. Bc4 Nc6 5. d3 d5 6. exd5 Nxd5 7. Bd2 Nf4 8. 0-0 Bg4 9. a3 Ba5 10. b4 Bb6 11. Bxf4 exf4 12. Nd5 0-0 13. Nxb6 axb6 14. Re1 Nd4 15. Re4 Nxf3+ 16. gxf3 Bh3 17. Rxf4 Qg5+ 18. Rg4 Bxg4 19. fxg4 b5 20. Bb3 Rfe8 21. Qf3 Qf6 22. Qxb7 Qxa1+ 23. Kg2 Rxa3 24. Qc6 Qe5 25. Qd7 Rxb3 26. cxb3 Qe7 27. Qxb5 h6 28. h3 Rd8 29. Qc4 Qe6 30. Qxc7 Rxd3 31. Qf4 Qxb3 32. Qb8+ Kh7 33. Qb5 Rd5 34. Qxd5 Qxd5+ 0-1